Guia prático dos verbos portugueses (Registo nº 682)
[ vista simples ]
| 000 -Etiqueta do registo | |
|---|---|
| Cabeçalho | 00865cam a2200337 4500 |
| 005 - Identificador da versão | |
| Campo de controlo | 20240813121809.0 |
| 095 ## - | |
| -- | PTBN00426471 |
| 010 ## - Número internacional normalizado dos livros (ISBN) | |
| Número (ISBN) | 9729018413 |
| 021 ## - Número do Depósito Legal | |
| Código do país | PT |
| Número | 65866/94 |
| 035 ## - Other System Control Numbers | |
| System Control Number | 0000711 |
| System Control Number | 0000707 |
| System Control Number | 0000707 |
| System Control Number | 0000695 |
| 100 ## - Dados gerais de processamento | |
| Dados gerais de processamento | 19940418d1994 m y0pory5003 ba |
| 102 ## - Pais de publicação ou produção | |
| País de publicação | Portugal |
| 101 0# - Língua de publicação | |
| Língua do texto, banda sonora, etc. | Português |
| 106 ## - Campo de dados codificados: material textual | |
| Dados codificados do material textual | r |
| 105 ## - Campo de dados codificados: livros | |
| Dados codificados dos livros | y z 001yy |
| 215 ## - Descrição física | |
| Indicação específica da natureza do documento e extensão da espécie | 240 p. |
| Dimensões | 19 cm |
| 200 1# - Titulo e menção de responsabilidade | |
| Título próprio | Guia prático dos verbos portugueses |
| Primeira menção de responsabilidade | Deolinda Monteiro, Beatriz Pessoa |
| 205 ## - Menção da edição | |
| Menção da edição | 2ª ed |
| 210 ## - Publicação, Distribuição, etc. | |
| Lugar da edição, distribuição, etc. | Lisboa |
| Nome do editor, distribuidor, etc. | Lidel |
| Data da publicação, distribuição, etc. | 1994 |
| 606 ## - Nome comum usado como assunto | |
| Número de registo de entrada de autoridade | 0000893 |
| Palavra de ordem | Língua portuguesa |
| Subdivisão de assunto | Verbos |
| -- | [Manuais] |
| 675 ## - Classificação Decimal Universal (CDU) | |
| Notação | 811.134.3'36(076) |
| Edição | BN |
| Língua da edição | por |
| 701 #1 - Nome de autor-pessoa física (co-responsabilidade principal) | |
| Palavra de ordem | Pessoa |
| Outra parte do nome não tomada para palavra de ordem | Beatriz |
| Código de função | Autor / Co-autor |
| 700 #1 - Nome de autor-pessoa física (responsabilidade principal) | |
| Número de registo de entrada de autoridade | 0000895 |
| Palavra de ordem | Monteiro |
| Outra parte do nome não tomada para palavra de ordem | Deolinda |
| 942 ## - Elementos de entrada adicionados (Koha) | |
| Tipo de item no Koha | Livro |
| Situação do levantamento | Origin of item (home branch) (coded) | Biblioteca de empréstimo | Código de barras | Cota | Circulation type (not for loan) | Tipo de documento | Nota do exemplar | Damaged status |
|---|---|---|---|---|---|---|---|---|
| Biblioteca Escolar Eng. Nuno Mergulhão | Biblioteca Escolar Eng. Nuno Mergulhão | BENM1173 | 81 MON | Livro | Sem mensagem | |||
| Biblioteca Escolar Eng. Nuno Mergulhão | Biblioteca Escolar Eng. Nuno Mergulhão | BENM902 | 81 MON | Livro | Sem mensagem |
